000 00431nam a22001697a 4500
003 CEME
005 20210628203355.0
008 210126b xxu||||| |||| 00| 0 eng d
020 _a978-81-203-2834
040 _c.
082 _a519.202462 JOH
100 _aJohnson,Richard.A
_957426
245 _aMiller & freund's probability and statistics for engineers
260 _aINDIA
_bPHI
_c2005
300 _a641P
942 _cBK
_2ddc
999 _c573373
_d573373